Siyasal anılar / (Kayıt no. 10302)

MARC ayrıntıları
000 -BAŞLIK
Sabit Uzunluktaki Kontrol Alanı 00704nam a22002057a 4500
003 - KONTROL NUMARASI KİMLİĞİ
Kontrol Alanı KOHA_MİRAKIL
005 - EN SON İŞLEM TARİHİ ve ZAMANI
Kontrol Alanı 20260420125826.0
008 - SABİT UZUNLUKTAKİ VERİ ÖGELERİ - GENEL BİLGİ
Sabit Alan 260420b tu ||||| |||| 00| 0 tur d
040 ## - KATALOGLAMA KAYNAĞI
Özgün Kataloglama Kurumu TR-AnABB
Kataloglama Dili tur
Çeviri Kurumu TR-AnABB
041 ## - DİL KODU
Metin ya da ses kaydının dil kodu tur
082 ## - DEWEY ONU SINIFLAMA SİSTEMİ
Sınıflama Numarası 923.2
Cutter numarası YAL 1976
100 1# - KİŞİ ADI
Yazar Adı (Kişi adı) Yalçın, Hüseyin Cahit
245 10 - ESER ADI BİLDİRİMİ
Başlık Siyasal anılar /
Sorumluluk Bildirimi Hüseyin Cahit Yalçın ; baskıya hazırlayan: Rauf Mutluay
260 ## - YAYIN, DAĞITIM, VB.
Yayın Yeri İstanbul :
Yayınevi Türkiye İş Bankası Kültür Yayınları,
Yayın Tarihi 1976
300 ## - FİZİKSEL TANIMLAMA
Sayfa, Cilt vb. 312 sayfa ;
Boyutları 20 cm
490 0# - DİZİ BİLDİRİMİ
Dizi Bildirimi Türkiye İş Bankası Kültür Yayınları ;
Cilt Numarası 157
650 04 - KONU BAŞLIĞI EK GİRİŞ - KONU TERİMİ
Konusal terim veya coğrafi ad Biyografi, siyasetçiler
700 1# - EK GİRİŞ - KİŞİ ADI
Yazar Adı (Kişi adı) Mutluay, Rauf,
İlişkili Terim hazırlayan
9 (RLIN) 3533
942 ## - EK GİRİŞ ÖGELERİ (KOHA)
Sınıflama Kaynağı Dewey Decimal Classification
Materyal Türü Kitap
900 ## - YEREL BİLGİ
Kontrol Can ÇELIK
Mevcut
Geri Çekilme Durumu Kayıp Durumu Sınıflandırma Kaynağı Kredi için değil Kalıcı Konum Mevcut Konum Kayıt Tarih Toplam Ödünçverme Yer Numarası Demirbaş Numarası Son Görülme Tarihi Fatura Tarihi Materyal Türü
    Dewey Decimal Classification   Prof. Dr. Ruşen Keleş Kütüphanesi Prof. Dr. Ruşen Keleş Kütüphanesi 20/04/2026   923.2 YAL 1976 RK7194 20/04/2026 20/04/2026 Kitap